| 000 | 00435nam a2200157 a 4500 | ||
|---|---|---|---|
| 005 | 20140412111259.0 | ||
| 008 | 010418s19uu xx 00 eng d | ||
| 020 | _a0-7214-7378-4 | ||
| 050 |
_aM 823.8 _bS48 1998 |
||
| 100 | _aSewell, Anna | ||
| 245 |
_aBlack beauty / _cby Anna Sewell. |
||
| 260 |
_aLeiscestershire, UK : _bLadybird Bookd Ltd, _c1998. |
||
| 300 | _a1 v. (unp.) ; ill. | ||
| 650 |
_aHorses _xFiction |
||
| 999 |
_c103313 _d103313 |
||